MLB Top MVP, Cy Young, and ROY 2008 - Statistics

General Stats
  • This quiz has been taken 27 times
  • The average score is 24 of 40
Answer Stats
# Answer Team Pos. % Correct
4 Joe Mauer MIN C
100%
1 Albert Pujols STL 1B
91%
1 Dustin Pedroia BOS 2B
91%
2 Justin Morneau MIN 1B
91%
3 Ryan Braun MIL LF
91%
2 Ryan Howard PHI 1B
91%
8 Alex Rodriguez NYY 3B
87%
2 Alexei Ramírez CHW 2B
83%
10 Aramis Ramírez CHC 3B
83%
7 David Wright NYM 3B
83%
4 Manny Ramirez BOS/LAD LF
83%
6 CC Sabathia MIL P
78%
5 CC Sabathia MIL P
78%
6 Francisco Rodríguez LAA P
78%
3 Francisco Rodríguez LAA P
78%
2 Roy Halladay TOR P
78%
1 Cliff Lee CLE P
74%
1 Tim Lincecum SFG P
74%
1 Evan Longoria TBR 3B
70%
2 Joey Votto CIN 1B
70%
2 Brandon Webb ARI P
65%
9 Carlos Peña TBR 1B
65%
5 Lance Berkman HOU 1B
65%
1 Geovany Soto CHC C
61%
7 Josh Hamilton TEX CF
61%
3 Johan Santana NYM P
57%
9 Carlos Delgado NYM 1B
52%
10 Grady Sizemore CLE CF
52%
3 Jacoby Ellsbury BOS CF
48%
8 Brad Lidge PHI P
39%
4 Brad Lidge PHI P
39%
5 Mariano Rivera NYY P
39%
3 Kevin Youkilis BOS 1B
30%
5 Jay Bruce CIN RF
26%
5 Carlos Quentin CHW LF
22%
4 Daisuke Matsuzaka BOS P
13%
4 Edinson Vólquez CIN P
9%
3 Jair Jurrjens ATL P
9%
4 Armando Galarraga DET P
4%
4 Mike Aviles KCR SS
4%
No matching quizzes found
Score Distribution
Percent of People with Each Score
Percentile by Number Answered
Your Score History
You have not taken this quiz